দক্ষিণ এশিয়ার ইতিহাস : (Record no. 2738)

MARC details
000 -LEADER
fixed length control field 01088nam a22002177a 4500
003 - CONTROL NUMBER IDENTIFIER
control field BD-DhJNU
005 - DATE AND TIME OF LATEST TRANSACTION
control field 20260427035500.0
008 - FIXED-LENGTH DATA ELEMENTS--GENERAL INFORMATION
fixed length control field 260427b |||||||| |||| 00| 0 eng d
020 ## - INTERNATIONAL STANDARD BOOK NUMBER
International Standard Book Number 9789848797129
040 ## - CATALOGING SOURCE
Original cataloging agency BD-DhJNU
Language of cataloging BEN
Transcribing agency BD-DhJNU
Modifying agency BD-DhJNU
082 ## - DEWEY DECIMAL CLASSIFICATION NUMBER
Edition number 23
Classification number 954.025
100 ## - MAIN ENTRY--PERSONAL NAME
Personal name আকন্দ, মো: রমজান আলী
242 ## - TRANSLATION OF TITLE BY CATALOGING AGENCY
Title History of South Asia :
Remainder of title 1526-1765 /
Statement of responsibility, etc. Md. Ramzan Ali Akand
245 ## - TITLE STATEMENT
Title দক্ষিণ এশিয়ার ইতিহাস :
Remainder of title ১৫২৬-১৭৬৫ /
Statement of responsibility, etc. মো: রমজান আলী আকন্দ
260 ## - PUBLICATION, DISTRIBUTION, ETC.
Place of publication, distribution, etc. ঢাকা :
Name of publisher, distributor, etc. অবসর প্রকাশনা সংস্থা,
Date of publication, distribution, etc. 2015.
300 ## - PHYSICAL DESCRIPTION
Extent ৪২৪ পৃ. :
Other physical details চিত্র ;
Dimensions ২২ সেমি.।
504 ## - BIBLIOGRAPHY, ETC. NOTE
Bibliography, etc. note গ্রন্থপঞ্জিগত নির্দেশিকা ও নিঘন্ট অন্তভূক্ত
650 ## - SUBJECT ADDED ENTRY--TOPICAL TERM
Topical term or geographic name entry element ভারত — ইতিহাস — মোগল আমল
650 ## - SUBJECT ADDED ENTRY--TOPICAL TERM
Topical term or geographic name entry element দক্ষিণ এশিয়া — রাজনীতি ও সরকার
942 ## - ADDED ENTRY ELEMENTS (KOHA)
Source of classification or shelving scheme Dewey Decimal Classification
Koha item type Books
Suppress in OPAC No
Holdings
Withdrawn status Lost status Source of classification or shelving scheme Damaged status Not for loan Collection Home library Current library Shelving location Date acquired Source of acquisition Total checkouts Full call number Barcode Date last seen Copy number Price effective from Koha item type
    Dewey Decimal Classification     Non-fiction Jagannath University Central Library Jagannath University Central Library General stacks 04/27/2026 Purchase   954.025 AKH JNUCL36247 04/27/2026 1 04/27/2026 Books